| 000 | 00611nam a2200205 a 4500 | ||
|---|---|---|---|
| 005 | 20210223124636.0 | ||
| 008 | 020709s2000 mx r 000 0 spa d | ||
| 020 | _a8449308801 | ||
| 035 | _aUPN01000118019 | ||
| 049 | _aCG | ||
| 050 | 4 |
_aB835 A3 _bP8.78 |
|
| 100 | 1 |
_aPutnam, Hilary _929887 |
|
| 245 | 1 | 0 |
_aSentido, sinsentido y los sentidos / _cHilary Putnam ; tr. Norma B. Goethe. |
| 260 |
_aBarcelona (Esp.) : _bPaidós : _bICE Universidad de Barcelona, _c2000. |
||
| 300 | _a140 p. | ||
| 440 | 0 |
_aPensamiento contemporáneo ; _v61 |
|
| 650 | 4 |
_aREALISMO _914925 |
|
| 650 | 4 | _aPERCEPCION | |
| 905 | _aLibro | ||
| 999 |
_c90414 _d90414 |
||